ਜਵਾਹਰਲਾਲ ਨਹਿਰੂ ਅਤੇ ਪੰਜਾਬ (Record no. 388082)

MARC details
000 -LEADER
fixed length control field 00505nam a2200181Ia 4500
003 - CONTROL NUMBER IDENTIFIER
control field OSt
005 - DATE AND TIME OF LATEST TRANSACTION
control field 20251219150935.0
008 - FIXED-LENGTH DATA ELEMENTS--GENERAL INFORMATION
fixed length control field Pun
037 ## - SOURCE OF ACQUISITION
Terms of availability TB
040 ## - CATALOGING SOURCE
Original cataloging agency ARTS
Transcribing agency ARTS
Language of cataloging Pun
041 ## - LANGUAGE CODE
Source of code Pun
Language code of text/sound track or separate title Pun
084 ## - COLON CLASSIFICATION NUMBER
Classification number V2y7M89 153L5
Assigning agency AL
100 ## - MAIN ENTRY--PERSONAL NAME
Personal name ਖ਼ੈਜਾ ਸਿੰਘ
9 (RLIN) 858107
245 #0 - TITLE STATEMENT
Title ਜਵਾਹਰਲਾਲ ਨਹਿਰੂ ਅਤੇ ਪੰਜਾਬ
260 ## - PUBLICATION, DISTRIBUTION, ETC.
Date of publication, distribution, etc. 1975
942 ## - ADDED ENTRY ELEMENTS (KOHA)
Classification part V2:25zM89, 153L5
Koha item type Textbook
Source of classification or shelving scheme Colon Classification (CC)
Suppress in OPAC No
Holdings
Withdrawn status Lost status Source of classification or shelving scheme Damaged status Not for loan Home library Current library Date acquired Total Checkouts Full call number Barcode Date last seen Price effective from Koha item type
    Colon Classification (CC)     Arts Library Arts Library 2022-09-23   V2:25zM89 153L5 AL0810766 2022-09-23 2022-09-23 Textbook
Copyright @ Delhi University Library System